000 00221nam a2200097Ia 4500
008 170627s9999 xx 000 0 und d
100 _aSINGHAL A.K
245 0 _aA.T.B OF ACCOUNTING FOR MANAGERS
260 _bJBC
260 _c2007
546 _aENGLISH
999 _c35682
_d35682